| 000 | 00608nam a2200193Ia 4500 | ||
|---|---|---|---|
| 003 | IN-BaIIA | ||
| 008 | 211028s9999 xx 000 0 eng d | ||
| 020 | _a486-61272-4 | ||
| 040 | _cIIA Library | ||
| 080 |
_a(035)51 _bABR |
||
| 100 |
_aMilton, Abramowitz _99050 |
||
| 245 | 0 |
_aHandbook of mathematical functions with formulas groups and mathematical tables _cAbramowitz Milton and Stegun Iren |
|
| 260 |
_aNew York _bDover Publications _c1972 |
||
| 300 | _axiv, 1046p. | ||
| 650 |
_a Mathematical functions _99051 |
||
| 650 |
_aMathematical tables _99052 |
||
| 700 |
_aIren, Stegun _99053 |
||
| 942 | _cBK | ||
| 999 |
_c5083 _d5083 |
||